| 000 | 01098cam a22003137a 4500 | ||
|---|---|---|---|
| 003 | CHAP | ||
| 005 | 20220329142525.0 | ||
| 008 | 010903d2000 mx r 00110 spa d | ||
| 010 | _a84572 | ||
| 011 | _a85544 | ||
| 020 | _a970133230x | ||
| 035 | _a96077 | ||
| 040 | _cCHAP | ||
| 082 | 0 | 4 |
_a350.81 _bI5 |
| 110 | 1 | 0 |
_aInstituto Nacional de Estadística, Geografía e Informática. México _959304 |
| 245 | 1 | 0 |
_aMetodología: _bcensos económicos 1999 _c/por Instituto Nacional de Estadística Geografía e Informática |
| 260 |
_aAguascalientes, Ags. : _bInstituto Nacional de Estadística Geografía e Informatica, _c2001. |
||
| 300 |
_a134 p. ; _btablas |
||
| 590 |
_aBATCH-UPD _b10 _c20130110 _lUCH01 _h1551 |
||
| 590 |
_aBATCH-UPD _b10 _c20130410 _lUCH01 _h0949 |
||
| 590 |
_aBATCH-UPD _b10 _c20130914 _lUCH01 _h0909 |
||
| 590 |
_aCONVERSION _b10 _c20130109 _lUCH01 _h1347 |
||
| 650 | 0 | 4 |
_aCensos. _920990 |
| 650 | 0 | 4 |
_aCensos _xMetodología. _920991 |
| 901 | _aBK | ||
| 905 | _aAlejandra Carrasco M. | ||
| 942 | _cLIBRO | ||
| 949 |
_a350.81 I5 _bBC _cINEGI _d33724000853461 _eINEGI _h101323 _i96077 _sb |
||
| 999 |
_c84572 _d84572 |
||